[Event "Foment Martinenc op-B 22nd"]
[Site "Barcelona"]
[Date "2022.04.23"]
[Round "1"]
[White "Garcia Cachinero, Jesus"]
[Black "Martinez Ferrer, Rafael"]
[Result "0-1"]
[WhiteElo "1429"]
[BlackElo "1705"]
[PlyCount "64"]
[EventDate "2022.04.23"]
[EventType "swiss"]
[EventRounds "9"]
[EventCountry "ESP"]
[SourceTitle "EXT 2023"]
[Source "ChessBase"]
[SourceDate "2022.10.05"]
[SourceVersion "1"]
[SourceVersionDate "2022.10.05"]
[SourceQuality "1"]

1. d4 d5 2. Bf4 Nf6 3. h3 c5 4. Nf3 Nc6 5. e3 Qb6 6. b3 cxd4 7. exd4 Bf5 8. a3 h6 9. Nc3 a6 10. Na4 Qa7 11. Be3 e6 12. Nc3 Bd6 13. Be2 Rc8 14. Ne5 0-0 15. f4 Bxe5 16. fxe5 Nxe5 17. Qd2 Ng6 18. 0-0 Rc6 19. Rxf5 exf5 20. Bd3 Ne4 21. Nxe4 fxe4 22. Be2 f5 23. c4 f4 24. cxd5 fxe3 25. Qxe3 Rcf6 26. Qxe4 Nf4 27. Bg4 h5 28. Bf3 Nxh3+ 29. gxh3 Rxf3 30. Qe6+ Kh8 31. Qe5 R8f5 32. Qe4 Qb8 0-1

[Event "Santa Susanna op 15th"]
[Site "Santa Susanna"]
[Date "2021.08.02"]
[Round "1"]
[White "Garcia Cachinero, Jesus"]
[Black "Garcia Caro, Juan Alber"]
[Result "0-1"]
[WhiteElo "1446"]
[BlackElo "1913"]
[PlyCount "34"]
[EventDate "2021.08.02"]
[EventType "swiss"]
[EventRounds "9"]
[EventCountry "ESP"]
[SourceTitle "EXT 2022"]
[Source "ChessBase"]
[SourceDate "2021.10.06"]
[SourceVersion "1"]
[SourceVersionDate "2021.10.06"]
[SourceQuality "1"]

1. d4 d5 2. c4 e6 3. Nc3 c6 4. Bf4 Bd6 5. Bxd6 Qxd6 6. e3 Nf6 7. Nf3 Nbd7 8. Be2 0-0 9. Qc2 e5 10. dxe5 Nxe5 11. cxd5 Nxf3+ 12. Bxf3 cxd5 13. Rd1 Be6 14. 0-0 Qc7 15. Qc1 Rac8 16. Nxd5 Nxd5 17. Qxc7 Nxc7 0-1

[Event "Roncana op-B 13th"]
[Site "Santa Eulalia de Roncana"]
[Date "2019.11.09"]
[Round "6"]
[White "Garcia Cachinero, Jesus"]
[Black "Prada Villagrasa, Pau Manel"]
[Result "0-1"]
[WhiteElo "1430"]
[BlackElo "1475"]
[PlyCount "70"]
[EventDate "2019.09.28"]
[EventType "swiss"]
[EventRounds "8"]
[EventCountry "ESP"]
[SourceTitle "CBM 193 Extra"]
[Source "ChessBase"]
[SourceDate "2020.01.31"]
[SourceVersion "1"]
[SourceVersionDate "2020.01.31"]
[SourceQuality "1"]

1. Nf3 d5 2. b3 c5 3. Bb2 Nf6 4. d3 Nc6 5. e3 Qc7 6. Nbd2 e5 7. Be2 Bd6 8. e4 d4 9. Nc4 b5 10. Nxd6+ Qxd6 11. Bc1 h6 12. a4 b4 13. 0-0 0-0 14. Nd2 Be6 15. Nc4 Bxc4 16. dxc4 Nxe4 17. Qd3 Nc3 18. Bf3 f5 19. Bxc6 Qxc6 20. Re1 e4 21. Qg3 Rae8 22. Bd2 Rf6 23. Bxc3 bxc3 24. b4 cxb4 25. Rad1 Rg6 26. Qf4 Qc5 27. Kh1 Rg4 28. Qc1 Qxc4 29. h3 Rg5 30. f4 Rg3 31. Kh2 Rg6 32. Rd3 Qd5 33. Qe3 Rxg2+ 34. Kh1 Rg3 35. Qxd4 Rxd3 0-1

[Event "Llinars del Valles op-B 13th"]
[Site "Llinars del Valles"]
[Date "2019.04.27"]
[Round "3"]
[White "Giro Castellet, Esteve"]
[Black "Garcia Cachinero, Jesus"]
[Result "1/2-1/2"]
[WhiteElo "1590"]
[BlackElo "1401"]
[PlyCount "58"]
[EventDate "2019.03.30"]
[EventType "swiss"]
[EventRounds "8"]
[EventCountry "ESP"]
[SourceTitle "EXT 2020"]
[Source "ChessBase"]
[SourceDate "2019.10.17"]
[SourceVersion "1"]
[SourceVersionDate "2019.10.17"]
[SourceQuality "1"]

1. d4 Nf6 2. c4 g6 3. Nc3 Bg7 4. e4 d6 5. h3 0-0 6. Nf3 e5 7. dxe5 dxe5 8. Bg5 Qxd1+ 9. Rxd1 Nc6 10. Bxf6 Bxf6 11. Nd5 Kg7 12. Nxc7 Rb8 13. Be2 Bd8 14. Nd5 Ba5+ 15. Kf1 h6 16. a3 Bd8 17. g3 f5 18. Bd3 fxe4 19. Bxe4 Bf5 20. Bxf5 Rxf5 21. Kg2 b5 22. Ne3 Rf7 23. cxb5 Rxb5 24. Rd6 e4 25. Nd2 Rxb2 26. Nxe4 Bb6 27. Nd1 Re2 28. Rxc6 Rxe4 29. Rc2 h5 1/2-1/2

[Event "Llinars del Valles op 11th B"]
[Site "Llinars del Valles"]
[Date "2017.06.10"]
[Round "8.6"]
[White "Garcia Cachinero, Jesus"]
[Black "Lopez Torralba, Oscar"]
[Result "1-0"]
[WhiteElo "1507"]
[BlackElo "1512"]
[PlyCount "63"]
[EventDate "2017.04.22"]
[EventType "swiss"]
[EventRounds "9"]
[EventCountry "ESP"]
[SourceTitle "EXT 2024"]
[Source "ChessBase"]
[SourceDate "2023.10.10"]
[SourceVersion "1"]
[SourceVersionDate "2023.10.10"]
[SourceQuality "1"]

1. e4 c5 2. Nf3 g6 3. d4 cxd4 4. Nxd4 Nc6 5. Nxc6 bxc6 6. Nc3 Bg7 7. Be2 Nf6 8. 0-0 0-0 9. Be3 d5 10. f4 Nxe4 11. Nxe4 dxe4 12. c3 Qa5 13. Qc2 Bf5 14. g4 Be6 15. Rad1 Qc7 16. f5 gxf5 17. gxf5 Bc8 18. Qxe4 Qe5 19. Qxe5 Bxe5 20. Bc5 Bf6 21. Rd3 Kh8 22. Kh1 Rg8 23. Re3 Re8 24. Bh5 Ba6 25. Rfe1 Bg5 26. Bd4+ Kg8 27. Rg3 h6 28. h4 Red8 29. hxg5 hxg5 30. Rxg5+ Kf8 31. Bc5 Rd6 32. Reg1 1-0

[Event "Llinars del Valles op 11th B"]
[Site "Llinars del Valles"]
[Date "2017.06.03"]
[Round "7.4"]
[White "Company Codina, Abel"]
[Black "Garcia Cachinero, Jesus"]
[Result "1/2-1/2"]
[WhiteElo "1645"]
[BlackElo "1507"]
[PlyCount "38"]
[EventDate "2017.04.22"]
[EventType "swiss"]
[EventRounds "9"]
[EventCountry "ESP"]
[SourceTitle "EXT 2024"]
[Source "ChessBase"]
[SourceDate "2023.10.10"]
[SourceVersion "1"]
[SourceVersionDate "2023.10.10"]
[SourceQuality "1"]

1. d4 Nf6 2. c4 d5 3. cxd5 Nxd5 4. Nf3 Nc6 5. Nc3 Nxc3 6. bxc3 Bg4 7. e4 a6 8. a4 h6 9. Ba3 e6 10. Bxf8 Rxf8 11. Rb1 Rb8 12. Be2 Bxf3 13. Bxf3 Qf6 14. 0-0 Qe7 15. e5 Na5 16. Qd3 Qd7 17. Be2 Ke7 18. c4 Rfd8 19. Rfd1 Kf8 1/2-1/2

[Event "Llinars del Valles op 11th B"]
[Site "Llinars del Valles"]
[Date "2017.05.27"]
[Round "6.2"]
[White "Garcia Cachinero, Jesus"]
[Black "Gayoso Rodriguez, Jaume Eduard"]
[Result "1/2-1/2"]
[WhiteElo "1507"]
[BlackElo "1813"]
[PlyCount "59"]
[EventDate "2017.04.22"]
[EventType "swiss"]
[EventRounds "9"]
[EventCountry "ESP"]
[SourceTitle "EXT 2024"]
[Source "ChessBase"]
[SourceDate "2023.10.10"]
[SourceVersion "1"]
[SourceVersionDate "2023.10.10"]
[SourceQuality "1"]

1. Nf3 c5 2. c4 d6 3. Nc3 Nf6 4. d3 e6 5. e3 Nc6 6. Be2 Be7 7. 0-0 0-0 8. b3 b6 9. Ne1 Bb7 10. Bb2 d5 11. Bf3 Ne5 12. Be2 Ng6 13. Bf3 Nh4 14. Qe2 Rb8 15. Rd1 Nxf3+ 16. gxf3 a6 17. Nb1 Ne8 18. Nd2 Bf6 19. d4 cxd4 20. exd4 Nc7 21. f4 Qe7 22. Nef3 Rfd8 23. Ne5 dxc4 24. bxc4 g6 25. Ne4 Bg7 26. Nf3 Rd7 27. Qe3 Rbd8 28. Ba3 Qe8 29. Ne5 Bxe5 30. fxe5 1/2-1/2

[Event "Mollet del Valles op 4th"]
[Site "Mollet del Valles"]
[Date "2016.10.14"]
[Round "3"]
[White "Garcia Cachinero, Jesus"]
[Black "Almenta Palomo, Antonio"]
[Result "0-1"]
[WhiteElo "1554"]
[BlackElo "1586"]
[PlyCount "75"]
[EventDate "2016.09.30"]
[EventType "swiss"]
[EventRounds "9"]
[EventCountry "ESP"]
[SourceTitle "EXT 2018"]
[Source "ChessBase"]
[SourceDate "2017.10.13"]
[SourceVersion "1"]
[SourceVersionDate "2017.10.13"]
[SourceQuality "1"]

1. d4 g6 2. Nf3 Bg7 3. e4 d6 4. h3 b6 5. Bd3 Bb7 6. Nbd2 Nf6 7. c3 0-0 8. Qc2 e6 9. Nf1 c5 10. dxc5 dxc5 11. Be3 Nc6 12. N1d2 a6 13. Nc4 Re8 14. Be2 Qc7 15. 0-0-0 b5 16. Nd6 Red8 17. Bxc5 Rd7 18. Nxb7 Qxb7 19. Rxd7 Qxd7 20. Rd1 Qc7 21. Kb1 Qf4 22. Nd2 Qe5 23. g3 Qxc5 24. f4 Rc8 25. e5 Nd5 26. Ne4 Qe7 27. Nd6 Rc7 28. Qe4 f6 29. c4 bxc4 30. Bxc4 fxe5 31. Bxd5 Qxd6 32. Bb3 Nd4 33. fxe5 Qxe5 34. Qa8+ Bf8 35. Rf1 Rf7 36. Rxf7 Kxf7 37. Qb7+ Kg8 38. Qc8 0-1

[Event "Roncana op-B 10th"]
[Site "Santa Eulalia de Roncana"]
[Date "2016.10.01"]
[Round "2"]
[White "Garcia Cachinero, Jesus"]
[Black "Dartmann Aubanell, Catriona"]
[Result "1-0"]
[WhiteElo "1554"]
[BlackElo "1109"]
[PlyCount "65"]
[EventDate "2016.09.24"]
[EventType "swiss"]
[EventRounds "8"]
[EventCountry "ESP"]
[SourceTitle "EXT 2018"]
[Source "ChessBase"]
[SourceDate "2017.10.13"]
[SourceVersion "1"]
[SourceVersionDate "2017.10.13"]
[SourceQuality "1"]

1. c4 c6 2. g3 d5 3. e3 Nf6 4. Bg2 dxc4 5. Nc3 b5 6. Nxb5 e5 7. Nc3 Be6 8. Nge2 Nd5 9. 0-0 Nb4 10. a3 Nd3 11. f4 Bd6 12. f5 Bd7 13. Ne4 Be7 14. Qc2 Qb6 15. f6 gxf6 16. Nxf6+ Bxf6 17. Rxf6 Be6 18. Rxe6+ fxe6 19. Qxc4 Nc5 20. b4 Qa6 21. Qg4 Ncd7 22. Bb2 h5 23. Qxe6+ Kd8 24. Bf1 c5 25. Qb3 Qd6 26. Bc3 Nc6 27. Bg2 Rb8 28. Qa4 cxb4 29. axb4 Nxb4 30. Qxa7 Qb6 31. Qa4 Nc5 32. Qd1 Nbd3 33. Ba5 1-0

[Event "Vall del Tenes op 5th"]
[Site "Vall del Tenes"]
[Date "2016.05.06"]
[Round "5"]
[White "Garcia Cachinero, Jesus"]
[Black "Barcons Gallach, Alfonso"]
[Result "0-1"]
[WhiteElo "1573"]
[BlackElo "1865"]
[PlyCount "64"]
[EventDate "2016.04.08"]
[EventType "swiss"]
[EventRounds "8"]
[EventCountry "ESP"]
[SourceTitle "CBM 172 Extra"]
[Source "ChessBase"]
[SourceDate "2016.06.21"]
[SourceVersion "1"]
[SourceVersionDate "2016.06.21"]
[SourceQuality "1"]

1. d4 Nf6 2. c4 e5 3. dxe5 Ng4 4. e3 Nxe5 5. b3 Qf6 6. Qd4 Nbc6 7. Qe4 Be7 8. Nc3 Nf3+ 9. Nxf3 Qxc3+ 10. Nd2 Qxa1 11. Qc2 Qf6 12. Bb2 Qh6 13. a3 0-0 14. Bd3 d6 15. h3 Ne5 16. Be2 Bf6 17. Bc1 Qg6 18. Qxg6 Nxg6 19. 0-0 Be6 20. Ne4 Be7 21. f4 f5 22. Nd2 d5 23. Nf3 c5 24. g3 Rad8 25. h4 Nh8 26. Ne5 Nf7 27. Nf3 Nd6 28. Ne5 Bf6 29. Nf3 dxc4 30. bxc4 Bxc4 31. Bxc4+ Nxc4 32. Kf2 Bb2 0-1

[Event "Roncana op-B 9th"]
[Site "Santa Eulalia de Roncana"]
[Date "2015.11.14"]
[Round "6"]
[White "Herrera Grande, Placid"]
[Black "Garcia Cachinero, Jesus"]
[Result "0-1"]
[WhiteElo "1647"]
[BlackElo "1785"]
[PlyCount "76"]
[EventDate "2015.10.03"]
[EventType "swiss"]
[EventRounds "8"]
[EventCountry "ESP"]
[SourceTitle "EXT 2017"]
[Source "ChessBase"]
[SourceDate "2016.10.25"]
[SourceVersion "1"]
[SourceVersionDate "2016.10.25"]
[SourceQuality "1"]

1. e4 c5 2. Nc3 e6 3. Nf3 Nc6 4. Bc4 a6 5. 0-0 b5 6. Be2 g6 7. d4 Bg7 8. Be3 cxd4 9. Nxd4 Bb7 10. Bf3 Nge7 11. Nce2 0-0 12. c3 Rc8 13. Ng3 Ne5 14. Qd2 Nc4 15. Qc1 Nxe3 16. Qxe3 Qc7 17. Rad1 e5 18. Nb3 d6 19. h4 h5 20. Rd3 Rcd8 21. Bxh5 Bc8 22. Bf3 Be6 23. h5 Bc4 24. h6 Bf6 25. Nh5 gxh5 26. Bxh5 Kh7 27. Qf3 Bg5 28. Re3 Ng6 29. Qf6 Bxf6 30. Bxg6+ fxg6 31. Rfe1 Bxb3 32. Rh3 Bf7 33. Ree3 Qc4 34. Kh2 Bg5 35. Reg3 Bf4 36. b3 Qf1 37. f3 Rc8 38. Rh4 Bxg3+ 0-1

[Event "Llinars del Valles Tardor op 6th"]
[Site "Llinars del Valles"]
[Date "2014.10.17"]
[Round "3"]
[White "Garcia Cachinero, Jesus"]
[Black "Costa Trave, Jaume"]
[Result "0-1"]
[WhiteElo "1727"]
[BlackElo "2133"]
[PlyCount "56"]
[EventDate "2014.10.03"]
[EventType "swiss"]
[EventRounds "8"]
[EventCountry "ESP"]
[SourceTitle "CBM 163 Extra"]
[Source "ChessBase"]
[SourceDate "2014.12.23"]
[SourceVersion "1"]
[SourceVersionDate "2014.12.23"]
[SourceQuality "1"]

1. e4 d5 2. d4 dxe4 3. Be3 Nf6 4. Nc3 c6 5. Be2 Bf5 6. Nh3 e6 7. g4 Bg6 8. Nf4 Bb4 9. g5 Nd5 10. Nfxd5 cxd5 11. a3 Ba5 12. b4 Bb6 13. Bb5+ Nc6 14. h4 a6 15. h5 Bf5 16. Ba4 Bc7 17. Bb3 0-0 18. Qe2 Rc8 19. g6 fxg6 20. h6 Qf6 21. hxg7 Qxg7 22. 0-0-0 Qf6 23. Rdg1 Nxd4 24. Qh5 Nxb3+ 25. Kb1 Rf7 26. Kb2 Bh2 27. Bc5 Nxc5 28. bxc5 Rxc5 0-1

[Event "Llinars del Valles Tardor op 6th"]
[Site "Llinars del Valles"]
[Date "2014.10.10"]
[Round "2"]
[White "Garcia Palomeras, Moises"]
[Black "Garcia Cachinero, Jesus"]
[Result "1-0"]
[WhiteElo "1873"]
[BlackElo "1727"]
[PlyCount "63"]
[EventDate "2014.10.03"]
[EventType "swiss"]
[EventRounds "8"]
[EventCountry "ESP"]
[SourceTitle "CBM 163 Extra"]
[Source "ChessBase"]
[SourceDate "2014.12.23"]
[SourceVersion "1"]
[SourceVersionDate "2014.12.23"]
[SourceQuality "1"]

1. d4 Nf6 2. Nf3 b6 3. Bf4 Bb7 4. Nbd2 d5 5. c3 Nh5 6. Be5 Nf6 7. e3 Nfd7 8. Bg3 g6 9. h4 h5 10. Bd3 Bg7 11. Qc2 Nf8 12. Ng5 Qd7 13. Ndf3 f5 14. Be5 Bf6 15. Nh3 Rg8 16. a4 a6 17. b4 Nc6 18. Bh2 Nd8 19. Qb3 Nf7 20. Nhg5 Nd6 21. Ne5 Bxe5 22. Bxe5 Ne6 23. c4 Nxg5 24. hxg5 e6 25. Bf6 dxc4 26. Bxc4 Nxc4 27. Qxc4 Bxg2 28. Rg1 Bd5 29. Qc3 Bc6 30. Rc1 Bxa4 31. Qxc7 Qb5 32. Qe7# 1-0

[Event "Porlamar FVA 1st"]
[Site "Porlamar"]
[Date "2014.02.23"]
[Round "7.7"]
[White "Garcia Cachinero, Jesus"]
[Black "Ramos Castro, Luis Alejandro"]
[Result "0-1"]
[WhiteElo "1581"]
[BlackElo "1614"]
[PlyCount "70"]
[EventDate "2014.02.21"]
[EventType "swiss"]
[EventRounds "7"]
[EventCountry "VEN"]
[SourceTitle "EXT 2022"]
[Source "ChessBase"]
[SourceDate "2021.10.06"]
[SourceVersion "1"]
[SourceVersionDate "2021.10.06"]
[SourceQuality "1"]

1. Nf3 Nc6 2. c4 e5 3. Nc3 Nf6 4. d3 d5 5. Bg5 dxc4 6. dxc4 Be6 7. Qxd8+ Rxd8 8. a3 Bxc4 9. e3 Bxf1 10. Rxf1 a6 11. Ke2 Be7 12. Bxf6 Bxf6 13. Ne4 Ke7 14. Rfd1 h6 15. Rac1 Rxd1 16. Rxd1 Rd8 17. Rxd8 Nxd8 18. g4 Ne6 19. h4 g6 20. Nfd2 Bxh4 21. Nc4 Bf6 22. Na5 Nd8 23. Nc4 Bg7 24. b4 f5 25. gxf5 gxf5 26. Ng3 Ke6 27. Nh5 Bf6 28. f4 Nc6 29. Kf3 e4+ 30. Ke2 b5 31. Nxf6 Kxf6 32. Nd2 Ke6 33. Kf2 a5 34. Nb3 axb4 35. axb4 Kd5 0-1

[Event "Cumana Feria de Santa Ines 1st"]
[Site "Cumana"]
[Date "2014.01.12"]
[Round "7"]
[White "Garcia Cachinero, Jesus"]
[Black "Farias, Sergio Luiz Cardoso"]
[Result "0-1"]
[WhiteElo "1567"]
[BlackElo "1596"]
[PlyCount "44"]
[EventDate "2014.01.09"]
[EventType "swiss"]
[EventRounds "7"]
[EventCountry "VEN"]
[SourceTitle "EXT 2015"]
[Source "ChessBase"]
[SourceDate "2014.11.20"]
[SourceVersion "1"]
[SourceVersionDate "2014.11.20"]
[SourceQuality "1"]

1. c4 e5 2. Nc3 Nf6 3. d3 d5 4. cxd5 Nxd5 5. Qb3 Nb6 6. Bd2 Be6 7. Qc2 Nc6 8. e3 Qd7 9. Nge2 0-0-0 10. a3 f5 11. Nc1 Be7 12. Nb3 g5 13. g3 f4 14. 0-0-0 Rhf8 15. Bg2 f3 16. Bf1 a6 17. Na2 Qd5 18. Nb4 Bxb4 19. axb4 Qxb3 20. Qxb3 Bxb3 21. Re1 Nd5 22. e4 Ndxb4 0-1

[Event "Cumana Feria de Santa Ines 1st"]
[Site "Cumana"]
[Date "2014.01.11"]
[Round "5"]
[White "Quiroga, Walter Gonzalo"]
[Black "Garcia Cachinero, Jesus"]
[Result "1-0"]
[WhiteElo "1580"]
[BlackElo "1567"]
[PlyCount "41"]
[EventDate "2014.01.09"]
[EventType "swiss"]
[EventRounds "7"]
[EventCountry "VEN"]
[SourceTitle "EXT 2015"]
[Source "ChessBase"]
[SourceDate "2014.11.20"]
[SourceVersion "1"]
[SourceVersionDate "2014.11.20"]
[SourceQuality "1"]

1. d4 Nf6 2. c4 d5 3. Nf3 Bf5 4. Nc3 e6 5. cxd5 Nxd5 6. Qb3 Nb6 7. Bg5 Be7 8. Bxe7 Qxe7 9. e4 Bg6 10. Be2 N8d7 11. 0-0 c6 12. Rac1 0-0 13. Rfd1 Rac8 14. e5 Rc7 15. Nb5 Rfc8 16. Nxc7 Rxc7 17. Rc3 Nd5 18. Qa3 Qxa3 19. Rxa3 a6 20. Nh4 Bc2 21. Rc1 1-0

[Event "Porlamar op"]
[Site "Porlamar"]
[Date "2014.01.03"]
[Round "1"]
[White "Urbaez Capote, Antonio Jose"]
[Black "Garcia Cachinero, Jesus"]
[Result "1-0"]
[WhiteElo "1960"]
[BlackElo "1567"]
[PlyCount "79"]
[EventDate "2014.01.03"]
[EventType "swiss"]
[EventRounds "6"]
[EventCountry "VEN"]
[SourceTitle "EXT 2015"]
[Source "ChessBase"]
[SourceDate "2014.11.20"]
[SourceVersion "1"]
[SourceVersionDate "2014.11.20"]
[SourceQuality "1"]

1. e4 e6 2. d4 d5 3. Nc3 Nf6 4. e5 Nfd7 5. Nce2 b6 6. f4 Ba6 7. Nf3 c5 8. c3 Nc6 9. Be3 Rc8 10. g3 Be7 11. Bh3 cxd4 12. Nfxd4 Nxd4 13. Nxd4 Nc5 14. b4 Nd3+ 15. Kd2 Qc7 16. Qa4+ Kf8 17. Qxa6 Qxc3+ 18. Ke2 Nxb4 19. Qb5 Rc4 20. Rad1 Nc2 21. Nxc2 Qxc2+ 22. Rd2 Qe4 23. Rhd1 Bc5 24. Rd3 Rc2+ 25. R1d2 Rxd2+ 26. Kxd2 Bxe3+ 27. Rxe3 Qd4+ 28. Qd3 Qb4+ 29. Qc3 Qc5 30. Qxc5+ bxc5 31. Rc3 c4 32. Ra3 g6 33. Rxa7 Kg7 34. Bxe6 Kh6 35. Bxf7 Rb8 36. Kc2 Rd8 37. e6 d4 38. e7 d3+ 39. Kd1 Rb8 40. Bxc4 1-0

[Event "Porlamar Sabanamar Cup 2nd"]
[Site "Porlamar"]
[Date "2013.11.23"]
[Round "3"]
[White "Garcia Cachinero, Jesus"]
[Black "Larez Hernandez, Jose Alejandro"]
[Result "0-1"]
[WhiteElo "1575"]
[BlackElo "1829"]
[PlyCount "47"]
[EventDate "2013.11.22"]
[EventType "swiss"]
[EventRounds "5"]
[EventCountry "VEN"]
[SourceTitle "EXT 2022"]
[Source "ChessBase"]
[SourceDate "2021.10.06"]
[SourceVersion "1"]
[SourceVersionDate "2021.10.06"]
[SourceQuality "1"]

1. c4 g6 2. d4 Bg7 3. Nf3 c5 4. g3 Qb6 5. Bg2 cxd4 6. Qd3 Nc6 7. a3 d6 8. Nbd2 Bf5 9. Ne4 Nf6 10. Nxf6+ Bxf6 11. Qd1 0-0 12. 0-0 Rac8 13. Nh4 Be6 14. Nf3 Bxc4 15. Bg5 Bg7 16. Qd2 Qb5 17. a4 Qa6 18. Rfe1 Rfd8 19. e4 f6 20. Bh6 Bxh6 21. Qxh6 Be2 22. Nh4 Ne5 23. Bh3 Bg4 24. Bg2 0-1